Hodnotenie stavu vozovky na vybranej dopravnej ploche
Saved in:
| Main Author: | |
|---|---|
| Other Authors: | |
| Format: | Manuscript Book |
| Language: | Slovak |
| Published: |
2016
|
| Subjects: | |
| Online Access: | http://is.stuba.sk/zp/portal_zp.pl?podrobnosti=124754 https://opac.crzp.sk/?fn=detailBiblioForm&sid=CAF43C23BCEFEBA4BACE11BCB6F5 |
| Tags: |
No Tags, Be the first to tag this record!
|
MARC
| LEADER | 00000ntm a22000003a 4500 | ||
|---|---|---|---|
| 001 | stuzp57106 | ||
| 003 | SK-STU | ||
| 005 | 20230607113016.9 | ||
| 007 | ta | ||
| 008 | 150427s2015----xo-----f-mn---000-0-slo-d | ||
| 040 | |a STU |b slo | ||
| 041 | 0 | |a slo | |
| 100 | 1 | |a Mihok, Erik |u 010120 |4 aut |U SvF Stavebná fakulta |T SvF Katedra dopravných stavieb |X 63103 |U V120 |Y 12 |7 63103 | |
| 242 | 0 | 1 | |a Assessment of road conditions on selected transport area |y eng |
| 245 | 1 | 0 | |a Hodnotenie stavu vozovky na vybranej dopravnej ploche |
| 260 | |c 2016 | ||
| 650 | 4 | |a oprava |2 slo | |
| 650 | 4 | |a porucha |2 slo | |
| 650 | 4 | |a diagnostika |2 slo | |
| 650 | 4 | |a cestná komunikácia |2 slo | |
| 650 | 4 | |a asfaltová vozovka |2 slo | |
| 650 | 4 | |a failure |2 eng | |
| 650 | 4 | |a repair |2 eng | |
| 650 | 4 | |a diagnostics |2 eng | |
| 650 | 4 | |a road |2 eng | |
| 650 | 4 | |a asphalt pavement |2 eng | |
| 700 | 1 | |a Zuzulová, Andrea |u 010120 |k Z1 |4 ths |U SvF Stavebná fakulta |T SvF Katedra dopravných stavieb |X 921 |U V120 |Y 12 |7 A000000921 | |
| 856 | 4 | |u http://is.stuba.sk/zp/portal_zp.pl?podrobnosti=124754 | |
| 856 | 4 | |u https://opac.crzp.sk/?fn=detailBiblioForm&sid=CAF43C23BCEFEBA4BACE11BCB6F5 | |
| SQL | |a stuzp57106 |b DBP |c SLO |d Hodnotenie stavu vozovky na vybranej dopravnej ploche |e 63103 |f Mihok, Erik |g 010120 |h 921 |i Zuzulová, Andrea |j 20160621 |k 1 |l 01 |m http://is.stuba.sk/zp/portal_zp.pl?podrobnosti=124754 |n B-IKD |o 5.1.5. inžinierske konštrukcie a dopravné stavby | ||